| 000 | 02163cam a22005174i 4500 | ||
|---|---|---|---|
| 003 | PE-LiUPU | ||
| 005 | 20250731173026.0 | ||
| 008 | 150623s1993 paua rb 000 0 eng d | ||
| 020 | _a1563380609 | ||
| 035 | _a(Sirsi) i9781563380600 | ||
| 040 |
_aPE-LiUPU _bspa _cPE-LiUPU _erda |
||
| 049 | _aPRUA | ||
| 082 | 0 | 4 |
_a283.73 _bH71 _221 |
| 100 | 1 |
_aHolmes, David Lynn, _eautor. |
|
| 245 | 1 | 2 |
_aA brief history of the Episcopal Church : _bwith a chapter on the Anglican Reformation and an appendix on the annulment of Henry VIII / _cDavid L. Holmes. |
| 264 | 1 |
_aHarrisburg, Pensylvania : _bTrinity Press International, _c1993. |
|
| 300 |
_a239 páginas : _bilustraciones ; _c21 centímetros |
||
| 336 |
_atext _2rdacontent |
||
| 337 |
_aunmediated _2rdamedia |
||
| 338 |
_avolume _2rdacarrier |
||
| 504 | _aIncluye bibliografía. | ||
| 505 | 0 | _aThe anglican reformation --The episcopal church in colonial and early national america --The growth of the episcopal church --Church life and worship --Social and intellectual challenges to World war I --The episcopalchurch in the twentieth century. | |
| 526 | _aSEG42 | ||
| 526 | _aSEG41 | ||
| 526 | _aSEG40 | ||
| 526 | _aSEG39 | ||
| 526 | _aP94 | ||
| 526 | _aP87 | ||
| 526 | _aP86 | ||
| 526 | _aP85 | ||
| 526 | _aP77 | ||
| 526 | _aP76 | ||
| 526 | _aP35 | ||
| 600 | 0 | 4 |
_aCatalina, _cde Aragón, Reina, consorte de Enrique VIII, Rey de Inglaterra, _d 1485-1536 _xDivorcio. |
| 600 | 0 | 4 |
_aEnrique _bVIII, _cRey de Inglaterra, _d1491-1547 _xDivorcio. |
| 650 | 2 | 4 |
_aComunión Anglicana _zEstados Unidos _xHistoria. |
| 650 | 2 | 4 |
_aDivorcio _zGran Bretaña _xHistoria _ySiglo XVI. |
| 650 | 2 | 4 |
_aIglesia Episcopal _xHistoria. |
| 650 | 2 | 4 | _aDivorcio en Gran Bretaña. |
| 942 |
_2ddc _cBOOK |
||
| 949 |
_a283.73 H71 _wDEWEY _c1 _i48005 _lCCODEBUL1 _mBUL _r0 _sY _tBOOK _u2015-6-24 _xTEOLOGIA _PP35 _0COMPRA _o.STAFF. Colección General |
||
| 994 |
_aC0 _bPEPRU |
||
| 596 | _a1 | ||
| 999 |
_a283.73 H71 _wDEWEY _c24477 _i48005 _f2021-11-11 _g4 _lCCODEBUL1 _mBUL _p27.49 _r0 _sY _tBOOK _u2015-6-24 _xTEOLOGIA _PP35 _0COMPRA _o.STAFF. Colección Teología _d24477 |
||
| 980 |
_81 _gALBERTO SANCHEZ Responsable de Automatización |
||